000 00333nam a2200121Ia 4500
005 20260328104258.0
008 260328s9999||||xx |||||||||||||| ||und||
100 _aAndersen, Troels
245 0 _aCollection of Cycle concepts 2012 /
_cTroels Andersen
260 _bCycling Embassy of Denmark
650 _aESPACIO PUBLICO
942 _cBK
999 _c10501
_d10501